000 00452nam a2200181Ia 4500
001 2915
005 20260306144842.0
008 260306t2014||||xx |||||||||||||| ||spa||
041 _aESP
082 _a233
_bG84
100 _aGuardini, Romano
_eAUT
245 0 _aMundo y persona:
_bensayos para una teoría cristiana del hombre
260 _c2014
300 _a191 páginas :
_c22 cm.
650 _aGEN
654 _aCHU
942 _cLIB
_dJUS
_fJUS
_2ddc
_n
999 _c2915
_d2915